Statistiques concernant Brésil en énigmes

Cliquez ici pour prendre le quiz!

Statistiques générales

  • Ce quiz a été pris 22 fois
  • Le résultat moyen est 14 sur 45

Statistiques - réponses

HintRéponse% Correct
_ _ _ ZedongMAO
86%
Boisson du bébéLAIT
73%
Étendue d'eauLAC
68%
Dent du chienCROC
64%
Un de nos cinq sensGOUT
64%
Cheveux jaunes / dorésBLONDS
59%
Fait en osierPANIER
55%
RongeursRATS
55%
Champion f1AYRTON SENNA
50%
Synonyme scintillantsBRILLANTS
50%
Trou noir, vide, il y a rienNEANT
45%
Capitale européennePARIS
45%
TellementTANT
45%
TropiqueCAPRICORNE
41%
Synonyme gaie, contentJOIE
41%
Traits intérieurs du cercleRAYONS
41%
Homme au grand âgeVIEIL
36%
On s'y baigneAMAZONE
32%
Angles de pièceCOINS
32%
Organe servant a piquerDARD
32%
Quartiers pauvresBIDONVILLES
27%
La...d'honneurLEGION
27%
Nul, hors d'usageNAZE
27%
Grand MohamedALI
23%
On le mangeBRIGADEIRO
23%
ReligionCATHOLIQUE
23%
Pronom démonstratifCELUI
23%
Faut le comprendrePORTUGAIS
23%
Très touristiqueRIO DE JANEIRO
23%
Type de lézardVARAN
23%
HeurteCHOQUE
18%
Mot en lienBRASILIA
14%
Cassa, broyaBRISA
14%
Synonyme évita, méprisaSNOBA
14%
Mauvaise humeurAIGRIE
9%
Proche du videBORD
9%
Mot en lienCARNAVAL
9%
Femme explorantDORA
9%
Nom du contour de cercleARRONDIE
5%
Couleur de l'eauBLEU CRISTALLIN
5%
Circuit / PisteINTERLAGOS
5%
On y vitSALVADOR
5%
Sport créé là-basSANDBOARD
5%
Rivière / ÉtatTOCANTINS
5%
Eau a bulleVALS
5%

Distribution des résultats

Percentile par nombre de réponses

% des personnes avec chaque résultat

Votre développement - résultats

Vous n’avez pas pris ce quiz